Dancing On My Own - Calum Scott (All lyrics) - Statistics

General Stats
  • This quiz has been taken 116 times
  • The average score is 267 of 307
Answer Stats
Lyrics % Correct
I
100%
a
99%
dancing
99%
my
99%
on
99%
own
99%
you
99%
I'm
98%
the
98%
The
98%
her
96%
in
96%
no
96%
corner
95%
here
95%
kiss
95%
oh
95%
Oh
95%
see
95%
keep
94%
me
94%
over
94%
watching
94%
you're
94%
And
93%
and
93%
But
93%
but
93%
can
93%
guy
93%
it
93%
not
93%
home
91%
right
91%
taking
91%
so
90%
So
90%
why
90%
can't
89%
giving
86%
got
85%
all
83%
for
83%
she
83%
to
83%
just
81%
love
81%
myself
81%
said
81%
Said
81%
bet
78%
better
78%
friend
78%
it's
78%
know
78%
than
78%
new
77%
does
75%
don't
75%
standing
75%
still
74%
stupid
73%
yeah
73%
gotta
72%
there's
70%
big
69%
black
69%
sky
69%
around
68%
Ooh
68%
ooh
68%
town
68%
Somebody
67%
away
65%
music
65%
say
65%
she's
65%
far
63%
where
63%
dies
62%
lights
62%
at
60%
came
60%
near
59%
goodbye
58%
of
58%
spinning
57%
circles
56%
out
56%
broken
54%
up
54%
wanna
53%
bottles
51%
night
47%
Stilettos
46%
dance
44%
come
43%
messed
35%
line
33%
No matching quizzes found
Score Distribution
Percent of People with Each Score
Percentile by Number Answered
Your Score History
You have not taken this quiz